00692 2200277 4500001002100000005001700021008004100038020001800079035002400097082001200121090001900133100001900152245007000171250001000241260002700251300002200278650001200300695001200312850001200324980001300336985000600349986001200355999001500367990001600382990001600398YOGYA-0209000001936020090227022954.0 ind  a979-404-259-5 0010-020900000019360 a615.925 a615.925bAdi K aADIWISASTRA, A aKeracunanbSunber bahaya, serta penanggulangannyacA. Adiwisastra aCet.2 aBandungbAngkasac1992 ax, 230 hlmc21 cm a615.925 a615.925 aYOPDYOG a16-03-06 a1 aPKL-ATM a00P0005181 a5181-P/2000 a5181-P/2000